000
00232nam a2200097Ia 4500
001
778429
005
20250826165925.0
008
250824s9999 xx 000 0 und d
245
0
_a
ARAZ
_c
KAHRAMAN TAZEOĞLU
260
_b
DESTEK YAYINLARI
999
_c
778429
_d
778429